| 000 | 00820nam a2200229 i 4500 | ||
|---|---|---|---|
| 001 | bgj | ||
| 100 | 1 |
_aWOLFF, Joseph J. _d(1921- ) |
|
| 245 | 1 | 0 |
_aGeorge Gissing : _ban annotated bibliography of writings about him / _cJoseph Wolff. |
| 260 |
_aDeKalb, Il : _bNorthern Illinois University Press, _cc. 1974. |
||
| 300 |
_aIX, 293 pp ; _c24 cm. |
||
| 490 | 1 | _aAn Annotated Secondary Bibliography Series on English Literature in Transition, 1880-1920 | |
| 505 | _aIncludes indexes. | ||
| 600 | 1 | 9 | _aGissing, George Robert, 1875-1903 |
| 655 | _aBibliography | ||
| 830 | _aAn Annotated Secondary Bibliography Series on English Literature in Transition, 1880-1920 | ||
| 020 | _a0875800386 | ||
| 040 | _cBPK | ||
| 041 | 0 | _aeng | |
| 920 | _a0-87580-038-6 | ||
| 942 | _cKS | ||
| 008 | s uk f |000 0 eng | ||
| 999 |
_c47700 _d47700 |
||
| 856 |
_uhttp://koha.tu.koszalin.pl/cgi-bin/koha/opac-detail.pl?biblionumber=47700 _yKatalog online BPK |
||